[Event "CZE-ch U16"]
[Site "Harrachov"]
[Date "2024.10.31"]
[Round "7"]
[White "Hrdlicka, Jan3"]
[Black "Vlcek, Vojtech"]
[Result "0-1"]
[WhiteElo "1696"]
[BlackElo "1843"]
[PlyCount "62"]
[EventDate "2024.10.26"]
[EventType "swiss"]
[EventRounds "9"]
[EventCountry "CZE"]
[SourceTitle "CB45_2024"]
[Source "ChessBase"]
[SourceDate "2024.11.06"]
[SourceVersion "1"]
[SourceVersionDate "2024.11.06"]
[SourceQuality "1"]

1. e4 c6 2. d4 d5 3. exd5 cxd5 4. Bd3 Nc6 5. c3 Nf6 6. h3 g6 7. Nf3 Bf5 8. Bxf5 gxf5 9. Bf4 e6 10. Nbd2 Rg8 11. 0-0 Bd6 12. Ne5 Qc7 13. Ndf3 Ne4 14. Qc1 f6 15. Nd3 Qg7 16. Nfe1 e5 17. Bh2 f4 18. f3 Ng3 19. Bxg3 Qxg3 20. dxe5 fxe5 21. Nf2 Bc5 22. Qd1 0-0-0 23. b4 Be3 24. Qa4 Rd6 25. b5 Ne7 26. Qb4 Nf5 27. Rd1 Rh6 28. Rxd5 Rxh3 29. Qc5+ Bxc5 30. Rxc5+ Kb8 31. Nxh3 Qxh3 0-1

[Event "CZE-ch U14"]
[Site "Teplice"]
[Date "2023.03.18"]
[Round "9"]
[White "Vlcek, Vojtech"]
[Black "Hrbek, Jachym"]
[Result "1/2-1/2"]
[WhiteElo "1671"]
[BlackElo "1824"]
[PlyCount "65"]
[EventDate "2023.03.11"]
[EventType "swiss"]
[EventRounds "9"]
[EventCountry "CZE"]
[SourceTitle "CBM 213 Extra"]
[Source "ChessBase"]
[SourceDate "2023.05.31"]
[SourceVersion "1"]
[SourceVersionDate "2023.05.31"]
[SourceQuality "1"]

1. d4 d5 2. c4 e6 3. Nf3 c6 4. e3 f5 5. Bd3 Nh6 6. 0-0 Bd6 7. b3 0-0 8. Ba3 Nf7 9. Bxd6 Qxd6 10. Nc3 Nd7 11. cxd5 cxd5 12. Qc2 a6 13. Rac1 Nb6 14. Ne2 Bd7 15. Qc5 Rac8 16. Qxd6 Nxd6 17. Rc5 Ne4 18. Rcc1 Rxc1 19. Rxc1 Rc8 20. Rxc8+ Bxc8 21. Ne5 Nd7 22. Bxe4 fxe4 23. Nxd7 Bxd7 24. Nc3 Kf7 25. Kf1 Kf6 26. Ke2 Kf5 27. Kd2 h5 28. Ke2 Kg4 29. h3+ Kh4 30. Kf1 b5 31. b4 Kg5 32. Ke2 Kf5 33. f3 1/2-1/2

[Event "CZE-ch U14"]
[Site "Teplice"]
[Date "2023.03.13"]
[Round "4"]
[White "Vlcek, Vojtech"]
[Black "Popov, Roman4"]
[Result "1/2-1/2"]
[WhiteElo "1671"]
[BlackElo "1764"]
[PlyCount "116"]
[EventDate "2023.03.11"]
[EventType "swiss"]
[EventRounds "9"]
[EventCountry "CZE"]
[SourceTitle "CBM 213 Extra"]
[Source "ChessBase"]
[SourceDate "2023.05.31"]
[SourceVersion "1"]
[SourceVersionDate "2023.05.31"]
[SourceQuality "1"]

1. d4 d5 2. c4 c6 3. Nc3 e6 4. Nf3 f5 5. g3 Nf6 6. Bg2 Bd6 7. Bf4 0-0 8. 0-0 Ne4 9. Bxd6 Qxd6 10. Ne5 Nd7 11. f4 Ndf6 12. Bxe4 dxe4 13. e3 b6 14. Rf2 Bb7 15. Rd2 Rad8 16. a3 a6 17. Qb3 c5 18. d5 b5 19. Rad1 exd5 20. cxb5 Qb6 21. Na4 Qxb5 22. Qxb5 axb5 23. Nxc5 Bc8 24. Nc6 Rd6 25. Nb4 Rfd8 26. Nb3 g6 27. h3 Kf7 28. Nd4 Bd7 29. Rc2 Rb8 30. Rdc1 Ne8 31. Rc5 Nf6 32. Rc7 Ne8 33. Ra7 Kg8 34. Rc5 Nf6 35. Ra5 h6 36. Kf2 g5 37. Nxb5 Bxb5 38. Raxb5 Rxb5 39. Rxb5 Kg7 40. Rc5 gxf4 41. gxf4 d4 42. exd4 Rxd4 43. Ke2 Nh5 44. Ke3 Rd1 45. Rxf5 Ng3 46. Re5 Rf1 47. Nd5 Rf3+ 48. Kd2 Rd3+ 49. Kc2 Nf1 50. Nc3 Rxh3 51. Rxe4 h5 52. b4 Rg3 53. b5 Rg6 54. a4 h4 55. f5 Rg2+ 56. Kd1 h3 57. f6+ Kf7 58. Ne2 h2 1/2-1/2

[Event "Hradec Kralove Region-chT 2223"]
[Site "Czech Republic"]
[Date "2022.10.30"]
[Round "2.8"]
[White "Vlcek, Vojtech"]
[Black "Pecha, Jan"]
[Result "1-0"]
[WhiteElo "1658"]
[BlackElo "1302"]
[PlyCount "41"]
[EventDate "2022.10.09"]
[EventType "team-tourn"]
[EventRounds "11"]
[EventCountry "CZE"]
[SourceTitle "EXT 2024"]
[Source "ChessBase"]
[SourceDate "2023.10.10"]
[SourceVersion "1"]
[SourceVersionDate "2023.10.10"]
[SourceQuality "1"]

1. d4 d5 2. c4 dxc4 3. Nc3 Nc6 4. e3 Nf6 5. Bxc4 Bf5 6. Nf3 e6 7. a3 Be7 8. 0-0 0-0 9. h3 a6 10. b4 Bd6 11. Qe2 b5 12. Bb3 Ne7 13. e4 Bg6 14. e5 Bxe5 15. dxe5 Bd3 16. Qd2 Bxf1 17. exf6 gxf6 18. Kxf1 Qc8 19. Ne4 Kg7 20. Bb2 Ng8 21. Qg5+ 1-0

[Event "CZE-ch U14"]
[Site "Herlikovice"]
[Date "2021.10.25"]
[Round "3"]
[White "Vlcek, Vojtech"]
[Black "Tegda, Vojtech"]
[Result "1-0"]
[WhiteElo "1554"]
[BlackElo "1270"]
[PlyCount "55"]
[EventDate "2021.10.23"]
[EventType "swiss"]
[EventRounds "9"]
[EventCountry "CZE"]
[SourceTitle "EXT 2023"]
[Source "ChessBase"]
[SourceDate "2022.10.05"]
[SourceVersion "1"]
[SourceVersionDate "2022.10.05"]
[SourceQuality "1"]

1. d4 d5 2. c4 c6 3. Nc3 Nf6 4. Nf3 Bf5 5. Bf4 Nbd7 6. e3 e6 7. Be2 Qb6 8. Qb3 Qxb3 9. axb3 Bb4 10. 0-0 0-0 11. Na2 Be7 12. c5 Nh5 13. Bg3 Nxg3 14. hxg3 b6 15. b4 a5 16. b5 bxc5 17. bxc6 Nb6 18. dxc5 Bxc5 19. Rfc1 Bd6 20. Nd4 Bg6 21. Nc3 Rfc8 22. Ncb5 Be7 23. c7 Nd7 24. Nc6 Bc5 25. Nxa5 Bb6 26. Nc6 Rxa1 27. Rxa1 Bxc7 28. Ne7+ 1-0

[Event "CZE-ch Betsys Online Blitz"]
[Site "Chess.com INT"]
[Date "2021.04.17"]
[Round "9"]
[White "Steinova, Kamila"]
[Black "Vlcek, Vojtech"]
[Result "0-1"]
[WhiteElo "1311"]
[BlackElo "1494"]
[PlyCount "68"]
[EventDate "2021.04.17"]
[EventType "swiss (blitz)"]
[EventRounds "13"]
[EventCountry "CZE"]
[SourceTitle "CBM 201 Extra"]
[Source "ChessBase"]
[SourceDate "2021.05.31"]
[SourceVersion "1"]
[SourceVersionDate "2021.05.31"]
[SourceQuality "1"]

1. e4 c6 2. d4 d5 3. exd5 cxd5 4. c4 dxc4 5. Bxc4 Nf6 6. Qb3 e6 7. Nf3 Be7 8. 0-0 0-0 9. Be3 Nc6 10. Nc3 Na5 11. Qa4 Nxc4 12. Qxc4 Bd7 13. Rfd1 Rc8 14. Qe2 a6 15. h3 b5 16. a3 a5 17. Ne5 b4 18. Nxd7 Qxd7 19. axb4 axb4 20. Nb1 Nd5 21. Nd2 Rc2 22. Qd3 Rfc8 23. Nf3 h6 24. Ne5 Qb7 25. Rdc1 b3 26. Rcb1 Nb4 27. Qd1 Na2 28. Nd3 Bg5 29. f4 Bf6 30. g4 Qb6 31. Ne5 Be7 32. f5 exf5 33. gxf5 Qb7 34. Qh5 Qg2# 0-1